Pohjois-Amerikan 15 suurinta kaupunkia kartalla - Statistics

Yleistilastot
  • Tätä visaa on pelattu 543 kertaa
  • Keskiarvotulos 11 / 15
Vastaukset kartalla
Vastauksille on annettu kartalla punavihreä väri sen mukaan, kuinka moni on saanut sen oikein.
 
Vastaustilastot
Väkiluku Kaupunki % Oikein
21,8 milj. New York
99%
17,1 milj. Los Angeles
95%
25,4 milj. México
94%
6,30 milj. Miami
92%
9,60 milj. Chicago
84%
7,50 milj. San Francisco
82%
8,65 milj. Washington DC
80%
7,80 milj. Dallas
78%
7,70 milj. Boston
74%
7,20 milj. Houston
73%
7,85 milj. Toronto
69%
7,50 milj. Philadelphia
63%
6,15 milj. Atlanta
57%
5,95 milj. Guadalajara
39%
6,15 milj. Monterrey
36%
Ehtoja vastaavia visoja ei löytynyt
Tulosjakauma
Jokaisen tuloksen saaneiden osuus
Persentiili vastausten määrän mukaan
Tuloshistoriasi
Et ole pelannut tätä visaa